000 00217nam a22001097a 4500
100 _aPolya, G
245 _aHow To Solve It - Vol 2
250 _a1985
260 _bPrentice - Hall
300 _a253
942 _2ddc
_cBK
999 _c11514
_d11514